[Event "Split op 9th"]
[Site "Split"]
[Date "2019.08.11"]
[Round "9"]
[White "Dijkhuis, Tycho"]
[Black "Warmerdam, Max"]
[Result "0-1"]
[WhiteElo "2395"]
[BlackElo "2484"]
[PlyCount "94"]
[EventDate "2019.08.03"]
[EventType "swiss"]
[EventRounds "9"]
[EventCountry "CRO"]
[SourceTitle "CBM 191 Extra"]
[Source "ChessBase"]
[SourceDate "2019.09.30"]
[SourceVersion "1"]
[SourceVersionDate "2019.09.30"]
[SourceQuality "1"]

1. e4 c5 2. Nf3 d6 3. d4 cxd4 4. Qxd4 Nc6 5. Bb5 Bd7 6. Qd3 g6 7. 0-0 Bg7 8. c4 Nf6 9. Nc3 0-0 10. h3 a6 11. Bxc6 Bxc6 12. Nd4 Nd7 13. Rd1 Rc8 14. Qe2 Nc5 15. Nxc6 bxc6 16. Be3 Qa5 17. Rac1 Rb8 18. Bd4 Be5 19. b3 Ne6 20. Bxe5 dxe5 21. Qb2 Nd4 22. Ne2 c5 23. Nxd4 exd4 24. e5 Qb6 25. Qe2 Qe6 26. Rd3 f5 27. Re1 a5 28. Qd2 a4 29. h4 axb3 30. axb3 Kg7 31. Qf4 h6 32. Ra1 Ra8 33. Rdd1 Rxa1 34. Rxa1 Rb8 35. Ra5 Qc6 36. h5 Rxb3 37. hxg6 Qxg6 38. Rxc5 Rb1+ 39. Kh2 Qh5+ 40. Kg3 Qg6+ 41. Kh2 Qh5+ 42. Kg3 Rg1 43. Rc6 d3 44. Re6 d2 45. Rxe7+ Kf8 46. Qxd2 Qg4+ 47. Kh2 Qxg2# 0-1

[Event "NED-chT 1819"]
[Site "Netherlands"]
[Date "2018.10.06"]
[Round "2.5"]
[White "Dgebuadze, Alexandre"]
[Black "Dijkhuis, Tycho"]
[Result "1/2-1/2"]
[WhiteElo "2480"]
[BlackElo "2405"]
[PlyCount "23"]
[EventDate "2018.09.15"]
[EventType "team-tourn"]
[EventRounds "9"]
[EventCountry "NED"]
[SourceTitle "CBM 187 Extra"]
[Source "ChessBase"]
[SourceDate "2018.11.04"]
[SourceVersion "1"]
[SourceVersionDate "2018.11.04"]
[SourceQuality "1"]
[WhiteTeam "En Passant"]
[BlackTeam "Calder HMC"]
[WhiteTeamCountry "NED"]
[BlackTeamCountry "NED"]

1. c4 g6 2. Nc3 Bg7 3. g3 Nf6 4. Bg2 0-0 5. d3 e5 6. h4 c6 7. Bg5 h6 8. Bd2 d5 9. Qc1 Kh7 10. h5 g5 11. Nf3 g4 12. Nh4 1/2-1/2

[Event "Barcelona Sants op 20th"]
[Site "Barcelona"]
[Date "2018.08.19"]
[Round "3"]
[White "Demchenko, Anton"]
[Black "Dijkhuis, Tycho"]
[Result "1-0"]
[WhiteElo "2670"]
[BlackElo "2405"]
[PlyCount "103"]
[EventDate "2018.08.17"]
[EventType "swiss"]
[EventRounds "10"]
[EventCountry "ESP"]
[SourceTitle "CBM 186 Extra"]
[Source "ChessBase"]
[SourceDate "2018.08.24"]
[SourceVersion "1"]
[SourceVersionDate "2018.08.24"]
[SourceQuality "1"]

1. e4 g6 2. d4 Bg7 3. Nc3 a6 4. Be3 b5 5. Qd2 Bb7 6. f3 d6 7. a4 c6 8. Bd3 Nd7 9. Nge2 Ngf6 10. 0-0 0-0 11. Bh6 e5 12. Bxg7 Kxg7 13. dxe5 dxe5 14. Qe3 Qe7 15. Nd1 Rfd8 16. Nf2 Nc5 17. b3 Ne6 18. Rfb1 Ne8 19. b4 N8c7 20. axb5 axb5 21. Qb6 Rxa1 22. Rxa1 Ra8 23. Rb1 Ne8 24. Ng4 f6 25. Qe3 Rd8 26. h4 Kg8 27. h5 Bc8 28. hxg6 hxg6 29. Ra1 Nd6 30. Qh6 Qg7 31. Qh4 g5 32. Qf2 Nf4 33. Nxf4 Bxg4 34. Ra7 Rd7 35. Ra8+ Kf7 36. Ne2 Be6 37. g4 Kg6 38. Ng3 Qe7 39. Ra6 Rc7 40. Qc5 Bd7 41. Bxb5 Bxg4 42. fxg4 Nxb5 43. Qxe7 Rxe7 44. Rxc6 Nd4 45. Rc8 Ra7 46. Nf5 Ra3 47. Rc7 Nxf5 48. exf5+ Kh6 49. Kf2 e4 50. b5 Ra4 51. Ke3 Ra3+ 52. c3 1-0

[Event "Paleochora op 11th"]
[Site "Paleochora"]
[Date "2018.07.24"]
[Round "8"]
[White "Gordon, Stephen J"]
[Black "Dijkhuis, Tycho"]
[Result "1-0"]
[WhiteElo "2539"]
[BlackElo "2401"]
[PlyCount "43"]
[EventDate "2018.07.18"]
[EventType "swiss"]
[EventRounds "9"]
[EventCountry "GRE"]
[SourceTitle "CBM 186 Extra"]
[Source "ChessBase"]
[SourceDate "2018.08.24"]
[SourceVersion "1"]
[SourceVersionDate "2018.08.24"]
[SourceQuality "1"]

1. Nf3 Nf6 2. c4 b6 3. d4 Bb7 4. g3 g6 5. Nc3 Ne4 6. d5 Nxc3 7. Qd4 f6 8. Qxc3 e6 9. Bg2 exd5 10. cxd5 Bxd5 11. 0-0 Bg7 12. Rd1 Be4 13. Ng5 Bxg2 14. Ne6 Qc8 15. Nxc7+ Kd8 16. Bf4 Bc6 17. Qe3 Bh6 18. Ne6+ Ke7 19. Ng5+ Kf8 20. Bd6+ Kg8 21. Qb3+ Kg7 22. Qf7# 1-0

[Event "Paleochora op 11th"]
[Site "Paleochora"]
[Date "2018.07.19"]
[Round "3"]
[White "David, Alberto"]
[Black "Dijkhuis, Tycho"]
[Result "1/2-1/2"]
[WhiteElo "2549"]
[BlackElo "2401"]
[PlyCount "89"]
[EventDate "2018.07.18"]
[EventType "swiss"]
[EventRounds "9"]
[EventCountry "GRE"]
[SourceTitle "CBM 186 Extra"]
[Source "ChessBase"]
[SourceDate "2018.08.24"]
[SourceVersion "1"]
[SourceVersionDate "2018.08.24"]
[SourceQuality "1"]

1. e4 c5 2. Nf3 d6 3. Bc4 Nc6 4. c3 Nf6 5. d3 e6 6. Bb3 Be7 7. 0-0 0-0 8. Re1 b5 9. d4 e5 10. d5 Na5 11. Bc2 Bd7 12. Nbd2 Ne8 13. b4 Nb7 14. a3 a5 15. Rb1 axb4 16. axb4 c4 17. Nf1 g6 18. Bh6 Ng7 19. Ra1 Qc7 20. h3 Rfb8 21. Qd2 Nd8 22. Reb1 f6 23. Qc1 Nf7 24. Be3 Qb7 25. Rb2 Rxa1 26. Qxa1 Ra8 27. Ra2 Rxa2 28. Qxa2 f5 29. Qa7 Qxa7 30. Bxa7 Nh5 31. Ne3 Nf6 32. Nd2 fxe4 33. Nxe4 Nxe4 34. Bxe4 Nh6 35. Kf1 Kf7 36. Ke2 Ng8 37. f3 Nf6 38. g4 Bc8 39. Kf2 h5 40. Kg3 hxg4 41. hxg4 Bb7 42. Bb8 Bf8 43. Kf2 Be7 44. Kg3 Bf8 45. Kf2 1/2-1/2

[Event "Les Sables d'Olonneop 4th"]
[Site "Les Sables d'Olonne"]
[Date "2017.07.17"]
[Round "4"]
[White "Frick, Christoph"]
[Black "Dijkhuis, Tycho"]
[Result "1-0"]
[WhiteElo "2239"]
[BlackElo "2417"]
[PlyCount "51"]
[EventDate "2017.07.15"]
[EventType "swiss"]
[EventRounds "9"]
[EventCountry "FRA"]
[SourceTitle "EXT 2018"]
[Source "ChessBase"]
[SourceDate "2017.10.13"]
[SourceVersion "1"]
[SourceVersionDate "2017.10.13"]
[SourceQuality "1"]

1. e4 c5 2. d4 cxd4 3. c3 Nf6 4. e5 Nd5 5. Nf3 Nc6 6. Bc4 Nb6 7. Bb3 d5 8. exd6 Qxd6 9. 0-0 g6 10. Ng5 Nd8 11. Re1 Bg7 12. Ne4 Qe5 13. Bg5 Qc7 14. Na3 0-0 15. Nb5 Qd7 16. Nxd4 Re8 17. Qf3 h6 18. Bh4 g5 19. Bg3 g4 20. Qe2 e5 21. Nb5 a6 22. Nbd6 Rf8 23. Rad1 Qc7 24. Nxc8 Qxc8 25. Nd6 Qd7 26. Nxf7 1-0

[Event "Les Sables d'Olonneop 4th"]
[Site "Les Sables d'Olonne"]
[Date "2017.07.15"]
[Round "1"]
[White "Dijkhuis, Tycho"]
[Black "Batteux, Mickael"]
[Result "1-0"]
[WhiteElo "2417"]
[BlackElo "2076"]
[PlyCount "69"]
[EventDate "2017.07.15"]
[EventType "swiss"]
[EventRounds "9"]
[EventCountry "FRA"]
[SourceTitle "EXT 2018"]
[Source "ChessBase"]
[SourceDate "2017.10.13"]
[SourceVersion "1"]
[SourceVersionDate "2017.10.13"]
[SourceQuality "1"]

1. e4 Nf6 2. e5 Nd5 3. d4 d6 4. c4 Nb6 5. f4 dxe5 6. fxe5 c5 7. d5 g6 8. Nc3 Bg7 9. Bf4 0-0 10. Be2 e6 11. Nf3 exd5 12. cxd5 Na6 13. 0-0 Nb4 14. Bg5 f6 15. exf6 Bxf6 16. Bxf6 Qxf6 17. a3 Na6 18. Qd2 Bf5 19. Qh6 Qg7 20. Qh4 Rae8 21. Rad1 Nc7 22. Qf2 Nd7 23. Rfe1 a6 24. Qg3 Nf6 25. Ng5 h6 26. d6 Ne6 27. Nxe6 Bxe6 28. Bd3 Kh7 29. Re5 Nd7 30. Ree1 Nf6 31. h3 Nh5 32. Qe5 Qxe5 33. Rxe5 c4 34. Rxh5 cxd3 35. Rc5 1-0

[Event "Terre degli Elimi op 7th"]
[Site "Erice"]
[Date "2016.07.30"]
[Round "3"]
[White "Dijkhuis, Tycho"]
[Black "Santagati, Alessandro"]
[Result "0-1"]
[WhiteElo "2424"]
[BlackElo "2271"]
[PlyCount "112"]
[EventDate "2016.07.28"]
[EventType "swiss"]
[EventRounds "9"]
[EventCountry "ITA"]
[SourceTitle "EXT 2017"]
[Source "ChessBase"]
[SourceDate "2016.10.25"]
[SourceVersion "1"]
[SourceVersionDate "2016.10.25"]
[SourceQuality "1"]

1. e4 e6 2. b3 d5 3. Bb2 dxe4 4. Nc3 Nf6 5. g4 h6 6. Bg2 Bd7 7. Nxe4 Nxe4 8. Bxe4 Bc6 9. Qe2 Bxe4 10. Qxe4 Qd5 11. Qxd5 exd5 12. 0-0-0 f6 13. Nh3 Bd6 14. f4 Kf7 15. d3 Nc6 16. Kd2 Rae8 17. a3 Re7 18. Rde1 Rhe8 19. Rxe7+ Rxe7 20. b4 a5 21. b5 Na7 22. a4 Bb4+ 23. c3 Bc5 24. f5 Nc8 25. Ra1 Nb6 26. Ba3 Be3+ 27. Kc2 Re5 28. Ng1 Bxg1 29. Rxg1 Nxa4 30. Kb3 Nb6 31. Bc5 Nd7 32. Bd4 Re2 33. h4 Ne5 34. Rg3 Rd2 35. Bxe5 fxe5 36. g5 hxg5 37. hxg5 Rf2 38. c4 dxc4+ 39. Kxc4 Rxf5 40. Kd5 e4+ 41. Kxe4 Rxb5 42. d4 c6 43. Rg1 Kg6 44. Kf4 Rf5+ 45. Ke4 Rxg5 46. Rb1 Rb5 47. Rg1+ Kf6 48. Rf1+ Ke6 49. Rf8 a4 50. Re8+ Kd7 51. Ra8 Rb4 52. Rg8 a3 53. Rxg7+ Kd6 54. Rg6+ Kc7 55. Rg1 a2 56. Ra1 Ra4 0-1

[Event "Terre degli Elimi op 7th"]
[Site "Erice"]
[Date "2016.07.29"]
[Round "2"]
[White "Lagumina, Giulio"]
[Black "Dijkhuis, Tycho"]
[Result "1/2-1/2"]
[WhiteElo "2237"]
[BlackElo "2424"]
[PlyCount "54"]
[EventDate "2016.07.28"]
[EventType "swiss"]
[EventRounds "9"]
[EventCountry "ITA"]
[SourceTitle "EXT 2017"]
[Source "ChessBase"]
[SourceDate "2016.10.25"]
[SourceVersion "1"]
[SourceVersionDate "2016.10.25"]
[SourceQuality "1"]

1. e4 c5 2. Nf3 d6 3. Bb5+ Nd7 4. 0-0 a6 5. Bd3 Ngf6 6. Re1 g6 7. c3 Bg7 8. Bf1 0-0 9. d4 e5 10. dxe5 dxe5 11. a4 b6 12. Na3 Bb7 13. Nd2 Qc7 14. f3 Rad8 15. Qb3 Nh5 16. Ndc4 Kh8 17. Bg5 f6 18. Bh4 g5 19. Bf2 Nf4 20. Rad1 f5 21. exf5 g4 22. fxg4 Nh3+ 23. gxh3 Qc6 24. Bg3 Qh1+ 25. Kf2 Qf3+ 26. Kg1 Qh1+ 27. Kf2 Qf3+ 1/2-1/2

[Event "Hoogeveen Unive op 19th"]
[Site "Hoogeveen"]
[Date "2015.10.23"]
[Round "8"]
[White "Dijkhuis, Tycho"]
[Black "Gieben, Stijn"]
[Result "1-0"]
[WhiteElo "2355"]
[BlackElo "1955"]
[PlyCount "27"]
[EventDate "2015.10.17"]
[EventType "swiss"]
[EventRounds "9"]
[EventCountry "NED"]
[SourceTitle "EXT 2017"]
[Source "ChessBase"]
[SourceDate "2016.10.25"]
[SourceVersion "1"]
[SourceVersionDate "2016.10.25"]
[SourceQuality "1"]

1. e4 c5 2. Nf3 e6 3. d4 cxd4 4. Nxd4 Nc6 5. Nc3 Qc7 6. Be3 a6 7. Be2 Nf6 8. 0-0 Bb4 9. Na4 Be7 10. c4 Nxe4 11. c5 f5 12. Bf3 Ng5 13. Bxg5 Bxg5 14. Bxc6 1-0

[Event "Hoogeveen Unive op 19th"]
[Site "Hoogeveen"]
[Date "2015.10.18"]
[Round "2"]
[White "Dijkhuis, Tycho"]
[Black "Sparenberg, Erik"]
[Result "1-0"]
[WhiteElo "2355"]
[BlackElo "2088"]
[PlyCount "101"]
[EventDate "2015.10.17"]
[EventType "swiss"]
[EventRounds "9"]
[EventCountry "NED"]
[SourceTitle "EXT 2017"]
[Source "ChessBase"]
[SourceDate "2016.10.25"]
[SourceVersion "1"]
[SourceVersionDate "2016.10.25"]
[SourceQuality "1"]

1. e4 e5 2. Nc3 Nc6 3. g3 Bc5 4. Bg2 a6 5. Nge2 d6 6. 0-0 h5 7. h3 h4 8. g4 Nf6 9. d3 Nxg4 10. hxg4 Bxg4 11. Kh2 h3 12. Bh1 Qh4 13. Be3 0-0-0 14. Nd5 Nd4 15. f3 Be6 16. Nxd4 Bxd4 17. Qe1 Qxe1 18. Raxe1 Bxb2 19. c4 b6 20. Rb1 Ba3 21. f4 f6 22. Rg1 Rh7 23. Bf3 Bxd5 24. cxd5 exf4 25. Bxf4 Bc5 26. Rgd1 Bd4 27. Rb4 Be5 28. Bxe5 fxe5 29. Rb2 Rf8 30. Rf2 Rf4 31. Rg1 Kd8 32. Rg5 Ke7 33. Rf5 Rhh4 34. Rxf4 exf4 35. Rc2 g5 36. Rxc7+ Kf6 37. e5+ Kxe5 38. Rg7 Kd4 39. Rxg5 Kxd3 40. Rg6 Ke3 41. Bh1 f3 42. Kg3 Rf4 43. Re6+ Kd4 44. Bxf3 Rxf3+ 45. Kxf3 Kxd5 46. Rh6 b5 47. Ke3 Kc4 48. Rxd6 h2 49. Rh6 Kc3 50. Rxh2 a5 51. Rh5 1-0

[Event "Copenhagen Challenge"]
[Site "Ballerup"]
[Date "2015.05.03"]
[Round "8"]
[White "Dijkhuis, Tycho"]
[Black "Kristensen, Kaare Hove"]
[Result "1-0"]
[WhiteElo "2291"]
[BlackElo "2355"]
[PlyCount "57"]
[EventDate "2015.04.29"]
[EventType "swiss"]
[EventRounds "9"]
[EventCountry "DEN"]
[SourceTitle "CBM 166 Extra"]
[Source "ChessBase"]
[SourceDate "2015.06.18"]
[SourceVersion "1"]
[SourceVersionDate "2015.06.18"]
[SourceQuality "1"]

1. e4 c5 2. Nf3 d6 3. d4 cxd4 4. Nxd4 Nf6 5. Nc3 g6 6. Be3 a6 7. f3 b5 8. Qd2 Bb7 9. a4 e5 10. Nb3 b4 11. Na2 d5 12. Bg5 Nbd7 13. exd5 Qb6 14. 0-0-0 Bxd5 15. Kb1 Be7 16. Bh6 Nc5 17. Qe3 0-0-0 18. a5 Qc7 19. Be2 Nxb3 20. cxb3 Kb7 21. Bg7 Bc5 22. Bxa6+ Kb8 23. Qe2 Bxb3 24. Rxd8+ Rxd8 25. Bxf6 Bxa2+ 26. Kxa2 Qxa5+ 27. Kb1 Rd6 28. Bxe5 b3 29. Qb5+ 1-0

[Event "Copenhagen Challenge"]
[Site "Ballerup"]
[Date "2015.05.03"]
[Round "9"]
[White "Fries Nielsen, Jens Ove"]
[Black "Dijkhuis, Tycho"]
[Result "1-0"]
[WhiteElo "2457"]
[BlackElo "2291"]
[PlyCount "73"]
[EventDate "2015.04.29"]
[EventType "swiss"]
[EventRounds "9"]
[EventCountry "DEN"]
[SourceTitle "CBM 166 Extra"]
[Source "ChessBase"]
[SourceDate "2015.06.18"]
[SourceVersion "1"]
[SourceVersionDate "2015.06.18"]
[SourceQuality "1"]

1. d4 Nf6 2. Nc3 c5 3. e3 g6 4. g4 Qa5 5. Bd2 cxd4 6. exd4 Bg7 7. g5 Nd5 8. Nb5 Qd8 9. Qf3 Nb6 10. 0-0-0 a6 11. Nd6+ exd6 12. Re1+ Kf8 13. Qf4 Kg8 14. Ba5 h6 15. Bxb6 Qxg5 16. Qxg5 hxg5 17. d5 a5 18. Nf3 Bf6 19. Re8+ Kg7 20. Rxh8 Kxh8 21. Rg1 Na6 22. Nxg5 Kg7 23. f4 Nc5 24. Bb5 Bd4 25. Re1 f6 26. Ne4 Nb3+ 27. axb3 Bxb6 28. Nxd6 Bc5 29. Ne8+ Kf7 30. d6 b6 31. Nc7 Rb8 32. Re7+ Kf8 33. Re8+ Kf7 34. Bc4+ Kg7 35. Nb5 Ra8 36. Bd5 Rb8 37. c4 1-0

[Event "Copenhagen Challenge"]
[Site "Ballerup"]
[Date "2015.05.02"]
[Round "7"]
[White "Christiansen, Johan Sebastian"]
[Black "Dijkhuis, Tycho"]
[Result "1/2-1/2"]
[WhiteElo "2351"]
[BlackElo "2291"]
[PlyCount "99"]
[EventDate "2015.04.29"]
[EventType "swiss"]
[EventRounds "9"]
[EventCountry "DEN"]
[SourceTitle "CBM 166 Extra"]
[Source "ChessBase"]
[SourceDate "2015.06.18"]
[SourceVersion "1"]
[SourceVersionDate "2015.06.18"]
[SourceQuality "1"]

1. Nf3 c5 2. c4 g6 3. Nc3 Bg7 4. g3 Nf6 5. Bg2 0-0 6. d4 cxd4 7. Nxd4 Nc6 8. 0-0 Qa5 9. e3 d6 10. Bd2 Qc5 11. Qe2 Nxd4 12. exd4 Qxd4 13. Be3 Qe5 14. h3 Be6 15. Rac1 Rac8 16. b3 b6 17. Nb5 a6 18. Na7 Rc7 19. Nc6 Rxc6 20. Bxc6 Bxh3 21. Bg2 Bxg2 22. Kxg2 d5 23. Rfe1 dxc4 24. Qxc4 Qd5+ 25. Kg1 Qh5 26. Bxb6 Ng4 27. Qe4 Qh2+ 28. Kf1 Qh3+ 29. Qg2 Qh5 30. Kg1 Ne5 31. Re3 Ng4 32. Re4 Ne5 33. g4 Qh4 34. Bd4 Nd3 35. Bxg7 Kxg7 36. Rd1 f5 37. Re3 Nxf2 38. Rd7 Ne4 39. gxf5 Rc8 40. Rd1 Rc2 41. f6+ Qxf6 42. Qxc2 Qg5+ 43. Kh2 Qf4+ 44. Kg2 Qg5+ 45. Kf3 Qh5+ 46. Kg2 Qg5+ 47. Kh2 Qf4+ 48. Kg2 Qg5+ 49. Kf3 Qh5+ 50. Kg2 1/2-1/2

[Event "Copenhagen Challenge"]
[Site "Ballerup"]
[Date "2015.05.01"]
[Round "5"]
[White "Brynell, Stellan"]
[Black "Dijkhuis, Tycho"]
[Result "1/2-1/2"]
[WhiteElo "2444"]
[BlackElo "2291"]
[PlyCount "63"]
[EventDate "2015.04.29"]
[EventType "swiss"]
[EventRounds "9"]
[EventCountry "DEN"]
[SourceTitle "CBM 166 Extra"]
[Source "ChessBase"]
[SourceDate "2015.06.18"]
[SourceVersion "1"]
[SourceVersionDate "2015.06.18"]
[SourceQuality "1"]

1. e4 c5 2. Nf3 d6 3. Bb5+ Bd7 4. Bxd7+ Qxd7 5. 0-0 Nc6 6. c3 Nf6 7. d4 Nxe4 8. d5 Ne5 9. Re1 Nxf3+ 10. Qxf3 Nf6 11. c4 e5 12. dxe6 fxe6 13. Bg5 Be7 14. Nc3 0-0 15. Qh3 h6 16. Qxe6+ Qxe6 17. Rxe6 Kf7 18. Rae1 Rfe8 19. Bh4 g5 20. Bg3 Bf8 21. Rxe8 Rxe8 22. Rxe8 Nxe8 23. b3 Ke6 24. f3 Nf6 25. h4 d5 26. hxg5 hxg5 27. cxd5+ Nxd5 28. Ne4 Be7 29. Be1 Ke5 30. Bd2 g4 31. Nc3 gxf3 32. gxf3 1/2-1/2